000 00539nam a22002177a 4500
999 _c6398
_d6398
001 6398
003 BD-JhCC
005 20200112134007.0
008 180122s1968 enk||||| ||a| 00| 0 eng d
035 _a(BD-JhCC)6398
040 _aBD-JhCC
_dBD-JhCC
041 _aeng
082 _a297
_bWAT 1968
100 _aWatt, W. Montgomery
245 _aWhat id Islam /
_cW. Montgomery Watt
260 _aLondon :
_bLongmans Librairie du Liban,
_c1968.
300 _a256 p. :
_c21 cm.
650 _aIslam
942 _2ddc
_cBK
_05